WWE - Roster masculin de RAW 2023 - Statistiques

Statistiques générales
  • Ce quiz a été pris 560 fois
  • Le résultat moyen est 29 sur 38
Statistiques - réponses
Par images Réponse % Correct
Aj Style
99%
Cody Rhodes
94%
Edge
94%
Kevin Owens
93%
Bobby Lashley
92%
Finn Balor
91%
Dominik Mysterio
90%
Randy Orton
90%
Seth Rollins
90%
Damian Priest
89%
Baron Corbin
88%
Dolph Ziggler
88%
The Miz
88%
Austin Theory
87%
Elias
87%
Otis
86%
MVP
84%
Omos
84%
R-Truth
84%
Chad Gable
83%
Matt Riddle
81%
Johnny Gargano
77%
Akira Tozawa
75%
Shelton Benjamin
71%
Montez Ford
70%
Mustafa Ali
70%
Angelo Dawkins
69%
Luke Gallows
67%
Cedric Alexander
66%
Karl Anderson
66%
Dexter Lumis
64%
Tommaso Ciampa
63%
Bronson Reed
61%
Adam Pearce
59%
Robert Roode
54%
Mansoor
53%
Rick Boogs
45%
Mace
42%
Aucun quiz correspondant
Distribution des résultats
% des personnes avec chaque résultat
Percentile par nombre de réponses
Votre historique - résultats
Vous n’avez pas pris ce quiz